The Landfill Directive: countdown to compliance (Record no. 65110)
[ view plain ]
| 000 -LEADER | |
|---|---|
| fixed length control field | 00960cam a2200241 4500 |
| 001 - CONTROL NUMBER | |
| control field | ABS63017 |
| 008 - FIXED-LENGTH DATA ELEMENTS--GENERAL INFORMATION | |
| fixed length control field | 000000n2000 000 0 eng u |
| 035 ## - SYSTEM CONTROL NUMBER | |
| System control number | (Sirsi) u109025 |
| 100 ## - MAIN ENTRY--PERSONAL NAME | |
| Personal name | Potter, A. |
| 245 #4 - TITLE STATEMENT | |
| Title | The Landfill Directive: countdown to compliance |
| 260 ## - PUBLICATION, DISTRIBUTION, ETC. | |
| Date of publication, distribution, etc. | 2000 |
| 490 ## - SERIES STATEMENT | |
| Series statement | Wastes Management |
| Volume/sequential designation | October 2000, 45-48(3) |
| 520 ## - SUMMARY, ETC. | |
| Summary, etc. | Explores the potential impact of the EU Landfill Directive, which is coming into UK law in 2001. Looks in particular at the effect on the operation and development of inert and non-hazardous waste landfills. Notes the importance of having a proper debate on the future shape of landfilling in the UK before completing any guidance on implementing the Directive. |
| 590 ## - LOCAL NOTE (RLIN) | |
| Local note | ABS |
| 650 ## - SUBJECT ADDED ENTRY--TOPICAL TERM | |
| Topical term or geographic name entry element | LANDFILL |
| 650 ## - SUBJECT ADDED ENTRY--TOPICAL TERM | |
| Topical term or geographic name entry element | EU DIRECTIVE |
| 650 ## - SUBJECT ADDED ENTRY--TOPICAL TERM | |
| Topical term or geographic name entry element | WASTE MANAGEMENT |
| 650 ## - SUBJECT ADDED ENTRY--TOPICAL TERM | |
| Topical term or geographic name entry element | GUIDANCE |
| 650 ## - SUBJECT ADDED ENTRY--TOPICAL TERM | |
| Topical term or geographic name entry element | COSTINGS |
| 690 ## - LOCAL SUBJECT ADDED ENTRY--TOPICAL TERM (OCLC, RLIN) | |
| Topical term or geographic name as entry element | ENVIRONMENT-ENVIRONMENTAL LAW |
| 700 ## - ADDED ENTRY--PERSONAL NAME | |
| Personal name | Gregory, B. |
| 942 ## - ADDED ENTRY ELEMENTS (KOHA) | |
| Suppress in OPAC | 0 |
| Withdrawn status | Lost status | Source of classification or shelving scheme | Damaged status | Not for loan | Home library | Current library | Shelving location | Date acquired | Total Checkouts | Full call number | Barcode | Date last seen | Copy number | Price effective from | Koha item type |
|---|---|---|---|---|---|---|---|---|---|---|---|---|---|---|---|
| Dewey Decimal Classification | London | London | Journal article | 30/10/2000 | ABS63017 | 109025-1001 | 06/08/2019 | 1 | 06/08/2019 | Journal article |